| 000 | 00672nam a22002057a 4500 | ||
|---|---|---|---|
| 003 | OSt | ||
| 005 | 20140310182928.0 | ||
| 008 | 130130t xxu||||| |||| 00| 0 eng d | ||
| 020 | _a9789715503310 | ||
| 050 |
_a HF 3815 _b.L497 1999 |
||
| 082 |
_aFIL 382.09599 _bL497 1999 |
||
| 245 |
_aAfter the galleons : _bforeign trade, economic change & entrepreneurship in the nineteenth century Philippines _cLegarda, Benito J., Jr. |
||
| 260 |
_aQuezon City : _bAteneo de Manila Univerity Press, _cc1999. |
||
| 300 |
_axiv, 401 p. : _b ill. ; _c23 cm. |
||
| 521 | _acollege students | ||
| 526 | _c1210L-1700L | ||
| 541 | _j1 | ||
| 562 | _e1 | ||
| 942 |
_2lcc _cBK _kFIL |
||
| 999 |
_c17479 _d17479 |
||